000 00360cam a2200169ua 4500
020 _c4.00
041 _ahin
_h
082 _a891.54
_bYAD/SA
100 _aYadavendra, Sharma Chandra .
245 _aSapna
260 _a :
_bRajpal and Sanch ,
_c1959.
300 _a246 ; .
365 _a4.00
504 _a
942 _cBK
999 _c12484
_d12484